| 000 | 01264cam a22003377a 4500 | ||
|---|---|---|---|
| 001 | 13624139 | ||
| 003 | CEME | ||
| 005 | 20210628201542.0 | ||
| 008 | 040615s2004 enka b 001 0 eng | ||
| 010 | _a 2004300661 | ||
| 015 | _aGBA3-Y8300 | ||
| 020 | _a0470850310 | ||
| 035 | _a(OCoLC)ocm51668051 | ||
| 040 |
_aUKM _cUKM _dOCLCQ _dC#P _dDLC |
||
| 042 | _alccopycat | ||
| 050 | 0 | 0 |
_aTK5103.483 _b.S73 2004 |
| 082 | 0 | 0 |
_a621.3845/6 _222 |
| 100 |
_aSheriff, Ray E. _955796 |
||
| 245 | 0 | 0 |
_aSpace/terrestrial mobile networks _bInternet access and QoS support / _cedited by R.E. Sheriff ... [et al.]. |
| 260 |
_aChichester ; _aHoboken, NJ : _bWiley, _cc2004. |
||
| 300 |
_axi, 273 p. : _bill. ; _c26 cm. |
||
| 504 | _aIncludes bibliographical references and index. | ||
| 650 | 0 |
_aMobile communication systems. _918556 |
|
| 650 | 0 |
_aArtificial satellites in telecommunication. _955797 |
|
| 650 | 0 |
_aBroadband communication systems. _93503 |
|
| 650 | 0 |
_aInternet telephony. _955798 |
|
| 650 | 0 |
_aTelecommunication systems _xQuality control. _955799 |
|
| 856 | 4 | 1 |
_3Table of contents _uhttp://www.loc.gov/catdir/toc/wiley041/2004300661.html |
| 856 | 4 | 2 |
_3Publisher description _uhttp://www.loc.gov/catdir/description/wiley041/2004300661.html |
| 942 |
_2ddc _cBK |
||
| 999 |
_c566476 _d566476 |
||